000
00387nam a22001697a 4500
003
MPLRDC
005
20220104144302.0
008
210129b ||||| |||| 00| 0 eng d
082
_a
290.7 LQL
100
_a
李青莲编
245
_a
因果与命运
_c
260
_a
_b
快泽
_c
300
_b
平
490
_a
迷你系列. 221
650
_a
术数总论
942
_c
BK
_o
290.7 LQL
999
_c
48128
_d
48118